[Event "Zurich Korchnoi Open 2017"]
[Site "Zurich SUI"]
[Date "2017.04.14"]
[Round "2.10"]
[White "Perunovic,Mil"]
[Black "Wyss,J"]
[Result "1-0"]
[WhiteElo "2611"]
[BlackElo "2246"]

1.e4 e6 2.d4 d5 3.Nc3 Bb4 4.e5 c5 5.a3 Bxc3+ 6.bxc3 Ne7 7.Qg4 O-O 8.Bd3 f5
9.exf6 Rxf6 10.Bg5 Rf7 11.Qh5 g6 12.Qd1 e5 13.dxe5 Nbc6 14.Nf3 Bg4 15.Be2 Bxf3
16.Bxf3 Nxe5 17.Be2 Qd6 18.O-O Nf5 19.Re1 Re8 20.h3 h6 21.Bf4 Rfe7 22.Qd2 d4
23.Rad1 Kh7 24.Bg4 Nf3+ 25.Bxf3 Rxe1+ 26.Rxe1 Rxe1+ 27.Qxe1 Qxf4 28.cxd4 Nxd4
29.Bxb7 Qf7 30.Be4 Qe6 31.Qe3 Qd6 32.Qd3 Qe6 33.c3 Nb3 34.h4 h5 35.g3 Kh6
36.Qd8 Qe5 37.Qg8 Qxe4 38.Qh8# 1-0

[Event "Zurich Korchnoi Open 2017"]
[Site "Zurich SUI"]
[Date "2017.04.14"]
[Round "2.11"]
[White "Drechsler,C"]
[Black "Hera,I"]
[Result "0-1"]
[WhiteElo "2196"]
[BlackElo "2608"]

1.d4 Nf6 2.Nf3 g6 3.Bg5 Bg7 4.Nbd2 d6 5.e4 h6 6.Bh4 g5 7.Bg3 Nh5 8.c3 e6 9.Ng1
Nxg3 10.hxg3 Nd7 11.Qc2 Nb6 12.a4 a5 13.Bd3 Nd7 14.Ne2 b6 15.Bb5 Bb7 16.Nc4 d5
17.exd5 Bxd5 18.Ne3 Bb7 19.d5 exd5 20.Nf5 Qf6 21.Nxg7+ Qxg7 22.Bxd7+ Kxd7
23.Qf5+ Ke7 24.Nd4 c5 25.Nb5 Qg6 26.Qxg6 fxg6 27.O-O-O Kd7 28.Rde1 Bc6 29.Re5
Rae8 30.Rxe8 Kxe8 31.f4 gxf4 32.gxf4 Kf7 33.g4 Kg7 34.b3 h5 35.f5 h4 36.fxg6
Bxb5 {#R} 0-1

[Event "Zurich Korchnoi Open 2017"]
[Site "Zurich SUI"]
[Date "2017.04.14"]
[Round "2.13"]
[White "Levrand,Roland"]
[Black "Zhigalko,A"]
[Result "0-1"]
[WhiteElo "2159"]
[BlackElo "2577"]

1.e4 c5 2.Nf3 Nc6 3.d4 cxd4 4.Nxd4 Qb6 5.Nb3 Nf6 6.Nc3 e6 7.Be2 Bb4 8.Be3 Qc7
9.O-O Bxc3 10.bxc3 Nxe4 11.Bd3 Nf6 12.Bc5 b6 13.Ba3 Bb7 14.Bb5 Ne4 15.Qe1 Ne5
16.Rd1 a6 17.Bd3 Nxc3 18.Rd2 Rc8 19.f4 Nxd3 20.Rxd3 f5 21.Qh4 Qd8 22.Qh5+ g6
23.Qh6 Qf6 24.Bd6 Ne4 25.Be5 Qf8 26.Bg7 Qg8 27.Nd4 Bd5 28.Rfd1 Kf7 29.Bxh8
Qxh8 30.Nf3 d6 31.Ra3 a5 32.Nd4 Rc4 33.Nb5 Rxc2 34.Nd4 Qxd4+ {#R} 0-1

[Event "Zurich Korchnoi Open 2017"]
[Site "Zurich SUI"]
[Date "2017.04.14"]
[Round "2.14"]
[White "Martirosyan,Haik M."]
[Black "Haas,Ca"]
[Result "1-0"]
[WhiteElo "2515"]
[BlackElo "2169"]

1.d4 d5 2.c4 c6 3.Nf3 Nf6 4.Qb3 dxc4 5.Qxc4 Bf5 6.g3 Nbd7 7.Bg2 e6 8.O-O Be7
9.Nc3 Ne4 10.e3 O-O 11.Qe2 Qa5 12.Bd2 Nxd2 13.Nxd2 Rad8 14.a3 Qc7 15.g4 Bg6
16.f4 f6 17.Rac1 Qb8 18.Nce4 Nb6 19.b4 e5 20.dxe5 fxe5 21.f5 Bf7 22.g5 Rd5
23.f6 Bd8 24.Nc5 gxf6 25.gxf6 Kh8 26.Bxd5 cxd5 27.e4 Rg8+ 28.Kh1 Rg6 29.Rf5
Qc7 30.Nd3 dxe4 31.Rxc7 exd3 32.Qxe5 {#r} 1-0

[Event "Zurich Korchnoi Open 2017"]
[Site "Zurich SUI"]
[Date "2017.04.14"]
[Round "2.15"]
[White "Tueckmantel,R"]
[Black "Pavlovic,Milos"]
[Result "0-1"]
[WhiteElo "2156"]
[BlackElo "2495"]

1.c4 g6 2.g3 Bg7 3.Bg2 Nf6 4.Nc3 O-O 5.e4 c5 6.a3 Nc6 7.Rb1 d6 8.Nge2 Bg4 9.h3
Bxe2 10.Nxe2 Rb8 11.O-O a5 12.d3 b5 13.Be3 bxc4 14.dxc4 Nd7 15.b3 Qc7 16.Qc2
a4 17.bxa4 Nb6 18.Nc3 Nxc4 19.Nd5 Nxe3 20.Nxe3 Nd4 21.Qc4 Qa7 22.Kh2 e6
23.Rxb8 Rxb8 24.Nd1 Rb3 25.f4 Rxa3 26.Nc3 Qa5 27.Rc1 h5 28.h4 Kh7 29.Kh3 Rb3
30.Kh2 Rb4 31.Qd3 c4 32.Qd1 Rb2 33.Qf1 Nb3 34.Nd1 Rxg2+ {#R} 0-1

[Event "Zurich Korchnoi Open 2017"]
[Site "Zurich SUI"]
[Date "2017.04.14"]
[Round "2.16"]
[White "Esipenko,Andrey"]
[Black "Kersten,Julian"]
[Result "1-0"]
[WhiteElo "2492"]
[BlackElo "2027"]

1.d4 Nf6 2.c4 g6 3.Nc3 Bg7 4.e4 d6 5.Nf3 O-O 6.h3 Na6 7.Be3 e5 8.d5 Nc5 9.Nd2
a5 10.g4 c6 11.Rg1 Bd7 12.Be2 Rb8 13.a3 cxd5 14.cxd5 b5 15.b4 Na4 16.Nxa4 bxa4
17.b5 Bxb5 18.Bxb5 Rxb5 19.Qxa4 Qb8 20.Ke2 Rc8 21.Rab1 Rxb1 22.Rxb1 Qc7 23.Rb6
Ra8 24.Qc6 Qxc6 25.Rxc6 Bf8 26.Kd3 Ne8 27.a4 Be7 28.Nc4 Rb8 29.Nxa5 f6 30.Nc4
{#r} 1-0

[Event "Zurich Korchnoi Open 2017"]
[Site "Zurich SUI"]
[Date "2017.04.14"]
[Round "3.4"]
[White "Pavlovic,Milos"]
[Black "Guseinov,G"]
[Result "1-0"]
[WhiteElo "2495"]
[BlackElo "2643"]

1.d4 g6 2.e4 Bg7 3.f4 d6 4.Nf3 Nf6 5.Nc3 O-O 6.Bd3 Na6 7.O-O c5 8.d5 Nc7 9.a4
Bg4 10.h3 Bxf3 11.Qxf3 a6 12.Bd2 b6 13.Rab1 Rb8 14.Qe2 b5 15.axb5 axb5 16.Bxb5
Nxb5 17.Nxb5 Nxe4 18.Qxe4 Rxb5 19.b3 Qc7 20.c4 Rb7 21.f5 Qb8 22.Rf3 Qa8
23.Rbf1 Qa2 24.Bg5 Rxb3 25.fxg6 Rxf3 26.gxh7+ Kh8 27.Qxf3 f6 28.Bf4 Qxc4
29.Re1 Re8 30.Bxd6 Rd8 31.Rxe7 Qd4+ 32.Kh2 Bf8 33.Bxc5 Qh4 34.Re4 Qg5 35.Bxf8
Rxf8 36.Re7 f5 37.Qc3+ {#r} 1-0

[Event "Zurich Korchnoi Open 2017"]
[Site "Zurich SUI"]
[Date "2017.04.14"]
[Round "3.5"]
[White "Romanov,E"]
[Black "Tregubov,P"]
[Result "0-1"]
[WhiteElo "2640"]
[BlackElo "2579"]

1.d4 Nf6 2.Bg5 Ne4 3.Bf4 c5 4.d5 e6 5.f3 Qa5+ 6.c3 Nf6 7.e4 exd5 8.exd5 d6
9.a4 Be7 10.Bb5+ Nbd7 11.Na3 O-O 12.Nc4 Qc7 13.a5 Rd8 14.Ne2 Ne5 15.O-O Bd7
16.Bxd7 Nfxd7 17.Qb3 Bf8 18.Ng3 Re8 19.Ne4 h6 20.Bg3 Nxc4 21.Qxc4 f5 22.Nf2
Nf6 23.b4 Qf7 24.Rad1 cxb4 25.cxb4 Rac8 26.Qd3 Nh5 27.Nh3 Nxg3 28.hxg3 g5
29.g4 fxg4 30.fxg4 Qe7 31.Qg6+ Qg7 32.Qf5 Rc4 33.Rde1 Rxe1 34.Rxe1 Qf7 35.Qd3
Rxg4 36.Re6 Rxb4 37.Nf2 Bg7 38.Qe2 Bd4 39.Re8+ Kg7 40.Re3 Rb2 {#R} 0-1

[Event "Zurich Korchnoi Open 2017"]
[Site "Zurich SUI"]
[Date "2017.04.14"]
[Round "3.10"]
[White "Rakhmanov,Ale"]
[Black "Georges,S"]
[Result "1-0"]
[WhiteElo "2665"]
[BlackElo "2218"]

1.c4 g6 2.Nc3 Bg7 3.g3 Nf6 4.Bg2 O-O 5.d3 c6 6.e4 d6 7.Nge2 a6 8.h3 b5 9.Be3
e5 10.O-O Be6 11.b3 Qd7 12.Kh2 d5 13.exd5 cxd5 14.Bg5 e4 15.Bxf6 Bxf6 16.cxd5
Bxd5 17.Nxd5 Bxa1 18.Qxa1 Qxd5 19.Bxe4 Qe6 20.Nf4 {#r} 1-0

[Event "Zurich Korchnoi Open 2017"]
[Site "Zurich SUI"]
[Date "2017.04.14"]
[Round "3.16"]
[White "Potterat,M"]
[Black "Huss,A"]
[Result "0-1"]
[WhiteElo "2129"]
[BlackElo "2313"]

1.d4 e6 2.Nf3 Nf6 3.e3 b6 4.Bd3 Bb7 5.b3 Ne4 6.Bb2 f5 7.O-O Bd6 8.Ne5 Bxe5
9.dxe5 Qg5 10.f4 Qg6 11.Be2 Nc3 12.Bh5 Nxd1 13.Bxg6+ hxg6 14.Rxd1 g5 15.Nc3
gxf4 16.exf4 Nc6 17.g3 Rh3 18.Nb5 O-O-O 19.Nd4 Ne7 20.c4 a6 21.Rd2 c5 22.Nc2
g5 23.fxg5 Rg8 24.Rad1 Bf3 25.Rf1 Bc6 26.b4 Rxg5 27.bxc5 bxc5 28.Ne1 Rg4
29.Rf4 Rxf4 30.gxf4 Be4 31.Rf2 Ng6 32.Kf1 Bb1 33.Bc1 Rc3 34.Rg2 Rxc1 35.Rxg6
Rxc4 36.Rg8+ Kc7 37.Ng2 Be4 38.h4 Rc3 39.h5 Rh3 40.Rg5 c4 {#R} 0-1

[Event "17th BCC Open 2017"]
[Site "Cha-Am THA"]
[Date "2017.04.14"]
[Round "7.2"]
[White "Short,N"]
[Black "Grigoryan,K2"]
[Result "1-0"]
[WhiteElo "2683"]
[BlackElo "2559"]

1.Nf3 Nf6 2.g3 d5 3.Bg2 g6 4.c4 c6 5.b3 Bg7 6.Bb2 Qb6 7.cxd5 cxd5 8.O-O O-O
9.Nc3 Bd7 10.d4 Rc8 11.Ne5 e6 12.Rc1 Na6 13.f4 Nc7 14.g4 Be8 15.e3 Nb5 16.g5
Nxc3 17.Bxc3 Ne4 18.Bxe4 dxe4 19.Ng4 Qb5 20.Qd2 Qd5 21.Bb4 Bb5 22.Rfe1 h5
23.gxh6 Bh8 24.h3 Qh5 25.Kh2 Bd7 26.Qg2 Kh7 27.Be7 Qf5 28.Qf2 Rxc1 29.Rxc1 Rc8
30.Rxc8 Bxc8 31.Qc2 Bd7 32.Bd6 Bc6 33.Be5 g5 34.Qc5 f6 35.Qe7+ Kg6 36.Qf8 fxe5
37.Qxh8 {#r} 1-0

[Event "17th BCC Open 2017"]
[Site "Cha-Am THA"]
[Date "2017.04.14"]
[Round "7.4"]
[White "Fang,Yan"]
[Black "Sengupta,D"]
[Result "0-1"]
[WhiteElo "2447"]
[BlackElo "2583"]

1.e4 c5 2.Nf3 e6 3.d4 cxd4 4.Nxd4 a6 5.Bd3 Qc7 6.O-O Nf6 7.Qe2 d6 8.c4 g6
9.Nc3 Bg7 10.Be3 O-O 11.Rac1 Nbd7 12.Rfd1 b6 13.h3 Bb7 14.Nf3 Rac8 15.Bb1 Rfd8
16.b3 Qb8 17.Bf4 Bf8 18.Qe3 Bc6 19.e5 Nh5 20.exd6 Nxf4 21.Qxf4 Bxf3 22.Qxf3
Bh6 23.Rc2 Ne5 24.Qe2 Rxd6 25.Nd5 Nc6 26.Nf6+ Kg7 27.Ng4 Rxd1+ 28.Qxd1 Rd8
29.Qe1 Nd4 30.Qc3 Bf4 31.Re2 Be5 32.Qe3 Nxe2+ 33.Qxe2 Bc3 {#R} 0-1

[Event "LXIII Mexican Open 2017"]
[Site "Leon MEX"]
[Date "2017.04.14"]
[Round "5.3"]
[White "Fernandez Cardoso,A"]
[Black "Gonzalez Vidal,Y"]
[Result "1-0"]
[WhiteElo "2445"]
[BlackElo "2534"]
[EventType "swiss"]

1.e4 e5 2.Nf3 Nc6 3.Bb5 a6 4.Ba4 Nf6 5.O-O Be7 6.Re1 b5 7.Bb3 d6 8.c3 O-O 9.h3
Nb8 10.d4 Nbd7 11.c4 c6 12.Nc3 b4 13.Na4 c5 14.d5 Re8 15.Bc2 Bf8 16.Kh2 g6
17.b3 Bg7 18.Nb2 a5 19.a3 Rb8 20.Ra2 Nf8 21.Bd2 Bd7 22.Qe2 {#r} 1-0

[Event "LXIII Mexican Open 2017"]
[Site "Leon MEX"]
[Date "2017.04.14"]
[Round "5.5"]
[White "Gonzalez Arroyo,L"]
[Black "Hernandez Guerrero,G"]
[Result "0-1"]
[WhiteElo "2233"]
[BlackElo "2499"]
[EventType "swiss"]

1.e4 c5 2.Nf3 e6 3.d4 cxd4 4.Nxd4 a6 5.Be2 Nf6 6.Nc3 Qc7 7.O-O Nc6 8.Be3 Bb4
9.Nxc6 bxc6 10.Bd3 d5 11.Bg5 Bd6 12.exd5 cxd5 13.h3 Bb7 14.Re1 h6 15.Bd2 e5
16.Bf4 O-O 17.Bg3 Rad8 18.Bf1 d4 19.Ne2 Ne4 20.f3 Nxg3 21.Nxg3 f5 22.Qd3 e4
23.Qc4+ Kh7 24.Qxc7 Bxc7 25.Ne2 Bb6 26.Kh2 exf3 27.gxf3 Bxf3 28.Nc1 Rf6 29.Bg2
Bc7+ 30.Kh1 Bxg2+ 31.Kxg2 Rg6+ 32.Kf1 Rg3 33.Re7 Bf4 34.Ne2 Rxh3 35.Kg2 Re3
{#R} 0-1

[Event "LXIII Mexican Open 2017"]
[Site "Leon MEX"]
[Date "2017.04.14"]
[Round "5.7"]
[White "Carreto Nieto,G"]
[Black "Leon Valdes,J"]
[Result "0-1"]
[WhiteElo "2194"]
[BlackElo "2363"]
[EventType "swiss"]

1.e4 e6 2.d4 d5 3.Nc3 Nf6 4.e5 Nfd7 5.f4 c5 6.Nf3 Nc6 7.Be3 cxd4 8.Nxd4 Bc5
9.Qd2 O-O 10.O-O-O a6 11.h4 Nxd4 12.Bxd4 b5 13.h5 b4 14.Na4 Bxd4 15.Qxd4 Rb8
16.b3 Bb7 17.Rh3 Bc6 18.Nb2 Bb5 19.Nd3 a5 20.Kb2 Rc8 21.Rc1 Qe7 22.c3 bxc3+
23.Rxc3 a4 24.bxa4 Rxc3 25.Qxc3 Nb6 26.Ka1 Nxa4 27.Qd2 Qa7 {#R} 0-1

[Event "LXIII Mexican Open 2017"]
[Site "Leon MEX"]
[Date "2017.04.14"]
[Round "6.4"]
[White "Benitez Lozano,J"]
[Black "Ruiz Sanchez,O"]
[Result "1-0"]
[WhiteElo "2270"]
[BlackElo "2455"]
[EventType "swiss"]

1.e4 c5 2.Nf3 d6 3.Bb5+ Nd7 4.O-O Nf6 5.Re1 a6 6.Bd3 e6 7.c3 b5 8.a4 c4 9.Bf1
Bb7 10.axb5 axb5 11.Rxa8 Qxa8 12.Na3 Bxe4 13.Nxb5 Qc8 14.Qa4 Bxf3 15.gxf3 d5
16.b3 cxb3 17.Ba3 Be7 18.Nd6+ Bxd6 19.Bxd6 Ng8 20.Rb1 f5 21.Ba6 Qd8 22.Rxb3
Kf7 23.Rb7 Qg5+ 24.Kf1 Nf6 25.h4 Qxd2 26.Rxd7+ Kg6 27.h5+ Nxh5 28.Re7 Qc1+
29.Kg2 Qg5+ 30.Kh2 h6 31.Rxe6+ Kh7 32.Bd3 Rc8 33.Qg4 g6 34.Rxg6 {#r} 1-0

[Event "O2C Doeberl Cup 2017"]
[Site "Canberra AUS"]
[Date "2017.04.14"]
[Round "4.1"]
[White "Ganguly,S"]
[Black "Ly,Mo"]
[Result "1-0"]
[WhiteElo "2640"]
[BlackElo "2486"]

1.Nf3 d5 2.g3 c6 3.Bg2 Nf6 4.O-O Bf5 5.d3 e6 6.Nh4 Bg6 7.Nxg6 hxg6 8.c4 Be7
9.Nc3 O-O 10.Qb3 Nbd7 11.d4 Qa5 12.Bf4 Qb4 13.Qxb4 Bxb4 14.cxd5 exd5 15.a3
Bxc3 16.bxc3 Rfe8 17.Rfe1 Nb6 18.f3 Na4 19.Bd2 Nd7 20.e4 b5 21.e5 Ndb6 22.Re2
Nc4 23.Be1 f6 24.f4 Re7 25.Bf1 Rae8 26.Rf2 Kf7 27.Bd3 f5 28.Raa2 Nd6 29.Rf3
Ne4 30.Rg2 Nf6 31.h3 Rh8 32.g4 Ne4 33.gxf5 gxf5 34.Bxe4 dxe4 35.Rfg3 Ke6
36.Rg6+ Kd5 37.Rd6+ Kc4 38.Rxc6+ Kd3 39.d5 Nb6 40.Rcg6 e3 41.d6 Ree8 42.d7
Nxd7 43.Rd6+ Ke4 44.Rg3 {#r} 1-0

[Event "10th OGD Prinsenstad 2017"]
[Site "Delft NED"]
[Date "2017.04.14"]
[Round "1.1"]
[White "Reinderman,D"]
[Black "Becx,C"]
[Result "1-0"]
[WhiteElo "2576"]
[BlackElo "2078"]

1.c4 f5 2.Nc3 Nf6 3.d4 g6 4.h4 d6 5.h5 gxh5 6.Bg5 Nbd7 7.e3 Bg7 8.Nge2 Nf8
9.Ng3 h4 10.Nh5 Nxh5 11.Qxh5+ Ng6 12.Bxh4 c5 13.O-O-O Be6 14.Bd3 Bf7 15.Bxf5
cxd4 16.exd4 Ne5 17.Qg5 Bf6 18.Qh6 Bxh4 19.dxe5 e6 20.Rxh4 exf5 21.e6 {#r} 1-0

[Event "10th OGD Prinsenstad 2017"]
[Site "Delft NED"]
[Date "2017.04.14"]
[Round "1.2"]
[White "Bekedam,Tyro"]
[Black "Van den Doel,E"]
[Result "0-1"]
[WhiteElo "2004"]
[BlackElo "2566"]

1.e4 e5 2.Nf3 Nc6 3.Bb5 a6 4.Ba4 Nf6 5.O-O Be7 6.Re1 b5 7.Bb3 d6 8.c3 O-O 9.d3
Na5 10.Bc2 c5 11.Nbd2 Nc6 12.Nf1 h6 13.Ne3 Re8 14.h3 Be6 15.g4 Nh7 16.Nf5 Bg5
17.Nxg5 hxg5 18.Qf3 Nf8 19.Be3 Ng6 20.Red1 Rc8 21.Bb3 Nf4 22.d4 cxd4 23.cxd4
Bxb3 24.axb3 g6 25.Ng3 Nxh3+ 26.Kh2 Nf4 27.Rxa6 Kg7 28.Ne2 Rh8+ 29.Kg1 Rh3
30.Ng3 Rh4 31.dxe5 Nxe5 32.Bd4 Qe7 33.Qe3 Qe6 34.Bc3 Qxg4 35.Raxd6 Rh1+
36.Kxh1 Qh3+ 37.Kg1 Qg2# 0-1

[Event "10th OGD Prinsenstad 2017"]
[Site "Delft NED"]
[Date "2017.04.14"]
[Round "1.3"]
[White "Blees,A"]
[Black "Vistisen,L"]
[Result "1-0"]
[WhiteElo "2383"]
[BlackElo "2097"]

1.e4 e5 2.Nf3 Nc6 3.Bc4 Nf6 4.d3 Bc5 5.O-O d6 6.c3 a6 7.Bb3 Bg4 8.Nbd2 Qd7
9.Re1 O-O 10.Nf1 Rae8 11.h3 Bh5 12.Bg5 Kh8 13.Bxf6 gxf6 14.Ng3 Rg8 15.Kh2 Rg5
16.d4 exd4 17.Nxh5 Rxh5 18.Nxd4 Rh6 19.Nf5 Rg6 20.Qd2 Reg8 21.g3 Nd8 22.Bd1
Rg5 23.Bg4 Ne6 24.Rad1 Qe8 25.f4 R5g6 26.Bh5 Qf8 27.b4 Bb6 28.Bxg6 hxg6 29.Nd4
Qh6 30.Nxe6 fxe6 31.c4 Qh5 32.Qc3 Kg7 33.c5 Rh8 34.h4 dxc5 35.Rd7+ Kh6 36.Qxf6
Rg8 37.Qg5+ Qxg5 38.hxg5+ Kh5 39.Kh3 {#r} 1-0

[Event "10th OGD Prinsenstad 2017"]
[Site "Delft NED"]
[Date "2017.04.14"]
[Round "1.4"]
[White "Tjong Tjin Joe,Calvin"]
[Black "Lahaye,R"]
[Result "0-1"]
[WhiteElo "2072"]
[BlackElo "2367"]

1.e4 c5 2.Nf3 d6 3.d4 cxd4 4.Qxd4 a6 5.c4 Nd7 6.Nc3 Ngf6 7.Be2 e6 8.b3 Qc7
9.O-O Be7 10.Ba3 Nc5 11.b4 e5 12.Qe3 Ne6 13.Rfc1 Nf4 14.Bf1 O-O 15.g3 Nh3+
16.Bxh3 Bxh3 17.Nd2 Ng4 18.Qe2 Bg5 19.Nd5 Qd8 20.Rc3 f5 21.exf5 Bxd2 22.Qxd2
Rxf5 23.f3 Qf8 24.Qd3 e4 25.Qxe4 Re8 26.Qd4 Re2 27.Nf4 Rxf4 28.Qxf4 Rg2+
29.Kf1 Rxg3+ {#R} 0-1

[Event "10th OGD Prinsenstad 2017"]
[Site "Delft NED"]
[Date "2017.04.14"]
[Round "1.6"]
[White "Van Liempt,Michael"]
[Black "Bekker,Stefan"]
[Result "0-1"]
[WhiteElo "2024"]
[BlackElo "2310"]

1.e4 c5 2.Nc3 a6 3.a4 Nc6 4.f4 e6 5.Nf3 d5 6.d3 Nf6 7.Be2 dxe4 8.Nxe4 Be7
9.O-O O-O 10.c3 b6 11.Qc2 Bb7 12.Nfg5 g6 13.Nxf6+ Bxf6 14.Ne4 Bg7 15.Bf3 Qc7
16.Ng3 Rad8 17.Be3 Rd7 18.Rad1 Rc8 19.Qe2 Ne7 20.h4 Nf5 21.Nxf5 exf5 22.d4
Bxf3 23.Rxf3 cxd4 24.Bxd4 Bxd4+ 25.cxd4 Qc4 26.Rfd3 Qxa4 27.h5 Rcd8 28.h6 Qb4
29.R3d2 Qf8 30.Qxa6 Rd6 31.d5 Qxh6 32.Qc4 Qh4 33.Rd4 Re8 34.Qb4 Re2 {#R} 0-1

[Event "10th OGD Prinsenstad 2017"]
[Site "Delft NED"]
[Date "2017.04.14"]
[Round "1.7"]
[White "Hortensius,L"]
[Black "Henseler,J"]
[Result "1-0"]
[WhiteElo "2161"]
[BlackElo "2050"]

1.e4 c5 2.Nf3 d6 3.d4 cxd4 4.Nxd4 Nf6 5.Nc3 a6 6.Be3 e6 7.f3 b5 8.Qd2 Nbd7
9.O-O-O b4 10.Na4 Qc7 11.g4 h6 12.h4 d5 13.Bh3 g5 14.hxg5 hxg5 15.exd5 Nxd5
16.Bxg5 Bg7 17.f4 Bb7 18.Bg2 Rc8 19.Rxh8+ Bxh8 20.Be4 N7f6 21.Bxf6 Bxf6 22.f5
Be5 23.Kb1 Nc3+ 24.Nxc3 bxc3 25.Qd3 Qb6 26.Nb3 Bc6 27.fxe6 fxe6 28.Bxc6+ Qxc6
29.Qg6+ Ke7 30.Qh7+ Ke8 31.Qh5+ {#r} 1-0

[Event "10th OGD Prinsenstad 2017"]
[Site "Delft NED"]
[Date "2017.04.14"]
[Round "1.8"]
[White "Schroer,M"]
[Black "Voogt,Bob"]
[Result "0-1"]
[WhiteElo "2054"]
[BlackElo "2126"]

1.c4 f5 2.g3 Nf6 3.Bg2 e6 4.Nf3 Be7 5.O-O O-O 6.d3 d6 7.Nc3 c6 8.Rb1 a5 9.a3
e5 10.b4 axb4 11.axb4 Kh8 12.b5 h6 13.bxc6 bxc6 14.c5 Qc7 15.Nh4 Kh7 16.cxd6
Qxd6 17.Bd2 Be6 18.Qc2 Nbd7 19.e4 g6 20.Na4 Rab8 21.exf5 Bxf5 22.Nxf5 gxf5
23.Rxb8 Nxb8 24.Rc1 Nd5 25.Nc5 Bg5 26.h4 Bxd2 27.Qxd2 Nd7 28.Nxd7 Qxd7 29.Qa5
Re8 30.Bxd5 Qxd5 31.Qc7+ Kg6 32.Rxc6+ Re6 33.h5+ Kf6 34.Rxe6+ Kxe6 35.Qg7 Qxd3
36.Qxh6+ Kd5 37.Qg5 Qd1+ 38.Kg2 Ke4 39.f3+ Qxf3+ 40.Kh3 {#R} 0-1

[Event "18th ch-EUR Indiv w 2017"]
[Site "Riga LAT"]
[Date "2017.04.14"]
[Round "4.2"]
[White "Muzychuk,M"]
[Black "Michna,Mart"]
[Result "1-0"]
[WhiteElo "2546"]
[BlackElo "2389"]

1.d4 e6 2.c4 b6 3.Nc3 Bb7 4.a3 f5 5.d5 Bd6 6.e4 Nf6 7.exf5 O-O 8.fxe6 dxe6
9.Nf3 exd5 10.cxd5 Kh8 11.Bc4 Ng4 12.Qd4 Qd7 13.Ne4 Bc5 14.Qd3 Qe8 15.O-O Rxf3
16.Qxf3 Ne5 17.Qe2 Nxc4 18.Qxc4 Ba6 19.Qc2 Bxf1 20.Kxf1 Qh5 21.Nxc5 bxc5
22.Bf4 Nd7 23.Qd1 Qf5 24.Bxc7 Nf6 25.d6 Ng4 26.Qe2 Nxh2+ 27.Kg1 Ng4 28.Qf3
{#r} 1-0

[Event "18th ch-EUR Indiv w 2017"]
[Site "Riga LAT"]
[Date "2017.04.14"]
[Round "4.7"]
[White "Goryachkina,A"]
[Black "Arakhamia-Grant,K"]
[Result "1-0"]
[WhiteElo "2452"]
[BlackElo "2374"]

1.d4 Nf6 2.c4 g6 3.Nc3 Bg7 4.e4 d6 5.h3 O-O 6.Be3 e5 7.d5 a5 8.g4 Na6 9.Be2
Nd7 10.h4 f5 11.gxf5 gxf5 12.Bg5 Nf6 13.Nf3 Nc5 14.Nd2 h6 15.Be3 f4 16.Bxc5
dxc5 17.h5 Bd7 18.Rg1 a4 19.a3 Qe7 20.Qc2 Qf7 21.O-O-O f3 22.Nxf3 Nxh5 23.Kb1
Qf6 24.Nh2 Nf4 25.Bg4 Be8 26.Bf5 h5 27.Nf3 Kh8 28.Ng5 Qe7 29.Ne6 Rg8 30.Ne2
Nxe6 31.Bxe6 Rf8 32.Ng3 h4 33.Nf5 Rxf5 34.Bxf5 Bh5 35.Rd3 Bh6 36.Rh3 Qf6 37.f3
Be3 38.Rgh1 Bg5 39.Qf2 Kg7 40.Qxc5 Qf7 41.Rg1 Kh6 42.Rxh4 {#r} 1-0

[Event "18th ch-EUR Indiv w 2017"]
[Site "Riga LAT"]
[Date "2017.04.14"]
[Round "4.13"]
[White "Atalik,E"]
[Black "Brunello,M"]
[Result "1-0"]
[WhiteElo "2429"]
[BlackElo "2354"]

1.d4 d5 2.c4 c6 3.Nc3 Nf6 4.Nf3 e6 5.e3 Nbd7 6.Qc2 Bd6 7.Bd3 O-O 8.O-O h6
9.Rd1 Qe7 10.c5 Bc7 11.e4 e5 12.exd5 cxd5 13.Re1 Qd8 14.dxe5 Ng4 15.Bf4 Re8
16.Nxd5 Ndxe5 17.Nxc7 Qxc7 18.Qe2 f6 19.h3 Nxf3+ 20.Qxf3 Ne5 21.Qe4 Qxc5
22.Qh7+ Kf8 23.Qh8+ Kf7 24.Bg6+ {#r} 1-0

[Event "18th ch-EUR Indiv w 2017"]
[Site "Riga LAT"]
[Date "2017.04.14"]
[Round "4.14"]
[White "Mammadzada,G"]
[Black "Stefanova,A"]
[Result "1-0"]
[WhiteElo "2348"]
[BlackElo "2527"]

1.e4 e5 2.Nf3 Nc6 3.Bb5 a6 4.Ba4 Nf6 5.O-O Be7 6.Re1 b5 7.Bb3 d6 8.c3 O-O 9.d4
Bg4 10.Be3 exd4 11.cxd4 d5 12.e5 Ne4 13.h3 Bh5 14.Nbd2 Qd7 15.g4 Bg6 16.Nxe4
dxe4 17.d5 Nb4 18.Nd4 Nd3 19.Nc6 Nxb2 20.Qe2 Nd3 21.Rf1 Ba3 22.f4 exf3 23.Rxf3
Be4 24.Bf2 Nxf2 25.Qxf2 Bc5 26.Qxc5 Bxf3 27.Qe3 Bxg4 28.hxg4 Qxg4+ 29.Kf2 a5
30.Ne7+ Kh8 31.Rh1 Ra6 32.Bc2 f5 33.d6 g6 34.e6 Qc4 35.Qe5+ {#r} 1-0

[Event "18th ch-EUR Indiv w 2017"]
[Site "Riga LAT"]
[Date "2017.04.14"]
[Round "4.17"]
[White "Hoang Thanh Trang"]
[Black "Cosma,E"]
[Result "1-0"]
[WhiteElo "2459"]
[BlackElo "2316"]

1.d4 d5 2.c4 e6 3.Nf3 Nf6 4.g3 dxc4 5.Bg2 Nc6 6.Qa4 Bb4+ 7.Bd2 Bd6 8.O-O O-O
9.Qxc4 e5 10.d5 Ne7 11.Nc3 h6 12.Rfd1 a6 13.Qb3 b5 14.a3 Bb7 15.Be1 Qb8 16.Nd2
c6 17.dxc6 Nxc6 18.Nce4 Nxe4 19.Nxe4 Nd4 20.Qd3 Be7 21.e3 Ne6 22.Ba5 Ng5
23.Nxg5 Bxg5 24.Rac1 Bxg2 25.Kxg2 Ra7 26.Qd5 Re8 27.h4 Be7 28.e4 Bf8 29.Rc6 h5
30.Rdc1 Qa8 31.Bc7 Re7 32.Bb6 Rad7 33.Rc8 Qxd5 34.exd5 f6 35.Ra8 Rxd5 36.Rcc8
Rf7 37.Bc5 Rxc5 38.Rxc5 b4 39.a4 {#r} 1-0

[Event "18th ch-EUR Indiv w 2017"]
[Site "Riga LAT"]
[Date "2017.04.14"]
[Round "4.20"]
[White "Travkina,A"]
[Black "Pustovoitova,D"]
[Result "0-1"]
[WhiteElo "2287"]
[BlackElo "2411"]

1.e4 c5 2.Nf3 d6 3.d4 cxd4 4.Nxd4 Nf6 5.Nc3 e6 6.g4 h6 7.h3 Be7 8.Bg2 a6 9.Be3
Nc6 10.Qe2 Nxd4 11.Bxd4 e5 12.Be3 Be6 13.O-O-O Rc8 14.Nd5 Bxd5 15.exd5 Nd7
16.Kb1 O-O 17.Be4 Bg5 18.h4 Bxh4 19.Bxh6 gxh6 20.g5 Bxg5 21.Rdg1 Qf6 22.Qe3
Qg7 23.Qh3 Nf6 {#R} 0-1

[Event "18th ch-EUR Indiv w 2017"]
[Site "Riga LAT"]
[Date "2017.04.14"]
[Round "4.34"]
[White "Balaian,Ali"]
[Black "Tsolakidou,Stavroula"]
[Result "0-1"]
[WhiteElo "2229"]
[BlackElo "2395"]

1.e4 c5 2.Nf3 d6 3.Bb5+ Nd7 4.c3 Nf6 5.Qe2 a6 6.Ba4 g6 7.O-O b5 8.Bc2 Bg7 9.d4
cxd4 10.cxd4 Bb7 11.e5 Bxf3 12.gxf3 Nd5 13.exd6 e6 14.Nc3 N7b6 15.a4 b4 16.a5
bxc3 17.axb6 O-O 18.b7 Ra7 19.Rxa6 cxb2 20.Bd2 Rxb7 21.Qc4 Rb6 22.Ra2 Qxd6
23.Bb3 Rfb8 24.Rxb2 Ne7 25.Rbb1 Nf5 26.Rfd1 Nxd4 27.Be3 Rb4 28.Qf1 Nxf3+
29.Kg2 Qc6 30.Bc4 Rxb1 31.Rxb1 Rxb1 32.Qxb1 Nd2+ {#R} 0-1

[Event "18th ch-EUR Indiv w 2017"]
[Site "Riga LAT"]
[Date "2017.04.14"]
[Round "4.47"]
[White "Bodnaruk,A"]
[Black "De Seroux,C"]
[Result "1-0"]
[WhiteElo "2446"]
[BlackElo "2122"]

1.e4 c5 2.Nf3 Nc6 3.d4 cxd4 4.Nxd4 Nf6 5.Nc3 d6 6.Bc4 e6 7.Be3 Be7 8.Qe2 Bd7
9.O-O-O Rc8 10.Bb3 Na5 11.f3 Nxb3+ 12.axb3 a6 13.g4 b5 14.h4 b4 15.Na2 a5
16.Kb1 Qc7 17.h5 h6 18.Bc1 Bc6 19.Rdg1 d5 20.e5 Nd7 21.Nxc6 Qxc6 22.g5 a4
23.gxh6 gxh6 24.Rg4 axb3 25.cxb3 Qc7 26.Rhg1 Qa5 27.Bd2 Ra8 28.Nxb4 Nc5
29.Rg8+ Kd7 30.Rxh8 Rxh8 31.Nxd5 Qa7 32.Qb5+ Kc8 33.Nxe7+ Qxe7 34.Rc1 {#r} 1-0

[Event "18th ch-EUR Indiv w 2017"]
[Site "Riga LAT"]
[Date "2017.04.14"]
[Round "4.48"]
[White "Tsiganova,M"]
[Black "Daulyte,D"]
[Result "0-1"]
[WhiteElo "2111"]
[BlackElo "2443"]

1.d4 Nf6 2.c4 e6 3.Nf3 d5 4.e3 b6 5.Bd3 Bd6 6.O-O O-O 7.Nbd2 Bb7 8.Ne5 c5 9.b3
Nc6 10.Bb2 cxd4 11.exd4 Ne7 12.Ndf3 Nf5 13.Ng5 Ne4 14.Bxe4 Qxg5 15.cxd5 Bxd5
16.Bxd5 exd5 17.Qc1 Qxc1 18.Raxc1 f6 19.Nf3 Bf4 20.Rb1 g5 21.Ba3 Rfe8 22.g3 g4
23.Nh4 Nxh4 24.gxh4 Re2 25.Bb2 Rae8 26.a4 Kg7 27.Bc1 Bd6 28.Be3 Bxh2+ 29.Kxh2
R8xe3 30.Kg1 Rf3 31.Rbc1 Rxb3 32.Rc7+ Kg6 33.Rxa7 Rd2 34.h5+ Kxh5 35.Rxh7+ Kg5
36.Rb7 Rb4 37.Rc1 Rdxd4 38.Rc6 f5 39.Rg7+ Kf4 40.Kf1 Rb1+ 41.Ke2 Rb2+ {#R} 0-1